Case in finance

Spremljeno u:
Bibliografski detalji
Glavni autor: Nunnally, Bennie H.
Format: Knjiga
Jezik:Undetermined
Izdano: London Irwin 1997
Teme:
Oznake: Dodaj oznaku
Bez oznaka, Budi prvi tko označuje ovaj zapis!
Thư viện lưu trữ: Trung tâm Học liệu Trường Đại học Cần Thơ
LEADER 00465nam a2200181Ia 4500
001 CTU_154001
008 210402s9999 xx 000 0 und d
020 |c 243000 
082 |a 332 
082 |b N972 
100 |a Nunnally, Bennie H. 
245 0 |a Case in finance 
245 0 |c Bennie H. Nunnally, Jr., D. Anthony Plath 
260 |a London 
260 |b Irwin 
260 |c 1997 
650 |a Finance 
980 |a Trung tâm Học liệu Trường Đại học Cần Thơ